00601nam a2200157Ia 4500008004100000100002000041245010000061245006100161260004900222260000900271300001000280650001300290856004800303999001900351952007300370170221s9999 xx 000 0 und d aReginald Wilson aMinority accounting students’ socialization in AACSB-accredited minority colleges of business cReginald Wilson, The University of Southern Mississippi. bJournal of Management and Marketing Research c2014 a3 : 4 xBusiness uhttp://www.aabri.com/manuscripts/131654.pdf c311540d311540 001040aCLbCLd2017-02-21l0r2017-02-21 00:00:00w2017-02-21yFOJ